=LDR 00000nam 2200000 4500 =001 INLIS000000000008168 =005 20200803082423 =035 ##$$a 0010-061300000008168 =008 200803################g##########0#ind## =041 ##$$a Ind =082 ##$$a 2x7.4 =090 ##$$a 2x7.4, Fad m =100 1#$$a Fadl, Khaled M. Abon El =245 1#$$a Musyawarah buku, menyusuri keindahan islam dari kitab ke kitab /$c Khaled M. Abou El. Fade =260 ##$$a Jakarta :$b Serambi Ilmu,$c 2002 =300 ##$$a 223 hlm, ; $c 14 x 21 cm =650 #4$$a Islam pembaharuan =020 ##$$a 979-96382-8-3 =084 ##$$a 2x7.4 FAD m =250 ##$$a cet.1 =990 ##$$a 171.481/Pro.2002 =990 ##$$a 171.482/Pro.2002 =990 ##$$a 171.483/Pro.2002 =990 ##$$a 171.483/Pro.2002 =990 ##$$a 171.481/Pro.2002 =990 ##$$a 171.482/Pro.2002